Most expensive football transfers - Born in 1983 - Statistics

General Stats
  • This quiz has been taken 21 times
  • The average score is 6 of 10
Answer Stats
Fee (M €) Season Nationality Left Joined Player % Correct
30,70 2012-2013 Netherlands Arsenal Manchester United Robin van Persie
100%
30,00 2010-2011 Ivory Coast Barcelona Manchester City Yaya Touré
95%
35,50 2008-2009 Brazil Sevilla FC Barcellona Dani Alves
84%
30,00 2007-2008 France Marseille Bayern Munich Franck Ribéry
84%
30,00 2007-2008 Portugal FC Porto Real Madrid Pepe
74%
27,00 2008-2009 Netherlands Ajax Real Madrid Klaas-Jan Huntelaar
47%
24,00 2009-2010 Argentina FC Porto Olympique Lyon Lisandro López
47%
30,00 2008-2009 Portugal Dinamo Moscow Zenit S-Pb Danny
32%
24,60 2008-2009 Portugal FC Porto Inter Ricardo Quaresma
32%
25,00 2009-2010 Brazil Fiorentina Juventus Felipe Melo
26%
No matching quizzes found
Score Distribution
Percent of People with Each Score
Percentile by Number Answered
Your Score History
You have not taken this quiz